000 00482nam a2200169Ia 4500
003 OSt
005 20201222153903.0
008 190216s9999||||xx |||||||||||||| ||und||
040 _coclc
082 _a297.1225
_bNAE/M
100 _aNaeem, Abdul
_97780
245 0 _aMeaning Of The Noble Quran /
_cAbdul Naeem
260 _bIslamic Book Service,
_aNew Delhi:
_c2002.
300 _a456p
650 _aArabic
942 _cBK
_2ddc
_h297.1225
_iNAE/M
_k297.1225
_mNAE/M
999 _c759
_d759